01666cam a22002298i 4500999001700000020001800017041000800035082002200043100003300065245007900098250001500177260004200192300001500234504005100249520088400300546001301184650004401197650003401241650001701275942001201292952013201304 c38192d38192 a9781032259543 aeng00a330.015195bRUS-S1 aRussell, Matthew A.eauthor.10aStatistics in natural resources :bapplications with R /cMatthew Russell. a1 Edition. aFlorida :bTaylor and Francis,c2022. axix, 334p. aIncludes bibliographical references and index. a"To manage our environment sustainably, professionals must understand the quality and quantity of our natural resources. Statistical analysis provides information that supports management decisions and is universally used across scientific disciplines. Statistics in Natural Resources: Applications with R focuses on the application of statistical analyses in the environmental, agricultural, and natural resources disciplines. This is a book well suited for current or aspiring natural resource professionals that are required to analyze data and perform statistical analyses in their daily work. More seasoned professionals that have previously had a course or two in statistics will also find the content familiar. This book can also serve as a bridge between professionals that understand statistics and want to learn how to perform analyses on natural resources data in R"-- aEnglish. 0aNatural resourcesxStatistical methods. 0aR (Computer program language) 0aData mining. 2ddccBK 00104070aNASSDOCbNASSDOCd2023-03-16eOVERSEASg0.00l0o330.015195 RUS-Sp52810r2023-06-28 00:00:00v0.00w2023-06-28yBK